Nearest neighbor (NN) norms : nn pattern classification techniques

Αποθηκεύτηκε σε:
Λεπτομέρειες βιβλιογραφικής εγγραφής
Άλλοι συγγραφείς: Dasarathy, Belur V. (Επιμελητής έκδοσης)
Μορφή: Βιβλίο
Γλώσσα:English
Δημοσίευση: Los Alamitos, California ; Washington : IEEE Computer Society Press ; IEEE Computer Society Press Tutorial, c1991.
Θέματα:
Ετικέτες: Προσθήκη ετικέτας
Δεν υπάρχουν, Καταχωρήστε ετικέτα πρώτοι!

MARC

LEADER 00000cam a2200000 i 4500
001 1/43920
008 941103s1991 cau ||| | eng||
020 |a 0818659300 
035 |l 10042150 
035 |a 1994 
040 |a GR-MyUA  |b gre  |e AACR2 
041 0 |a eng 
082 0 |a 003.52  
245 1 0 |a Nearest neighbor (NN) norms :   |b nn pattern classification techniques /   |c [edited by] Belur V. Dasarathy.  
260 |a Los Alamitos, California ;   |a Washington :   |b IEEE Computer Society Press ;   |b IEEE Computer Society Press Tutorial,   |c c1991.  
300 |a xii, 447 σ. ;   |b εικ. ;   |c 29 εκ.  
500 |a Περιέχει βιβλιογραφικές παραπομπές.  
650 0 0 |a Pattern perception. 
650 0 0 |a Nearest neighbor analysis (Statistics) 
700 1 |a Dasarathy, Belur V.  |e edt 
852 |a INST  |b SAMOS  |e 19941103  |h 003.52 NEA  |p 005300007098  |q 005300007098  |t BK  |y 0 
909 |a Σ  |b 034619